Word Ladder: Tainted Love Quiz Stats

 Plays Quiz Updated Sep 20, 2012

Support Sporcle.
Go Orange.
Score 0/13 Timer 01:30
0 Plays Today
Hint Word % Correct
Sprite or Pepsi, perhapsSODA
96.7%
CouchSOFA
96.5%
Most important part of an apple?CORE
95.9%
Story; fableTALE
92.1%
Like Yao Ming, perhapsTALL
91.3%
System for sending secret messagesCODE
91.3%
Use a payphoneCALL
89%
Bundle of hayBALE
88.7%
End of a musical pieceCODA
86.7%
Light to the touchSOFT
62.1%
Hollow part inside a tubeBORE
61.6%
Tree trunkBOLE
59.2%
Jail or prison 'room'CELL
53.1%

Today's Daily Dose

You're not logged in!

Compare scores with friends on all Sporcle quizzes.
OR
Log In

From the Vault

Deserts

by Derek

Taking this quiz really made me thirsty.
Remove Ads.
Support Sporcle.
Get the best of Sporcle when you Go Orange. This ad-free experience offers more features, more stats, and more fun while also helping to support Sporcle. Thank you for becoming a member.

Show Comments

Extras

Top Quizzes Today


Score Distribution

Your Account Isn't Verified!

In order to create a playlist on Sporcle, you need to verify the email address you used during registration. Go to your Sporcle Settings to finish the process.

Report this User

Report this user for behavior that violates our Community Guidelines.

Details: